[Event "URU-ch U20/Girls"]
[Site "Nueva Helvecia"]
[Date "2018.04.22"]
[Round "3"]
[White "Aguerre, Geronimo"]
[Black "Cardozo, Lucas"]
[Result "1-0"]
[WhiteElo "1597"]
[BlackElo "2052"]
[PlyCount "57"]
[EventDate "2018.04.21"]
[EventType "swiss"]
[EventRounds "6"]
[EventCountry "URU"]
[SourceTitle "CBM 184 Extra"]
[Source "ChessBase"]
[SourceDate "2018.06.28"]
[SourceVersion "1"]
[SourceVersionDate "2018.06.28"]
[SourceQuality "1"]

1. d4 f5 2. Bf4 Nf6 3. e3 e6 4. c4 c6 5. Nc3 d5 6. Nf3 Bd6 7. Be5 Bxe5 8. Nxe5 Nbd7 9. f4 0-0 10. Nxd7 Qxd7 11. c5 Ne4 12. Nxe4 fxe4 13. Be2 Qf7 14. g3 b6 15. b4 bxc5 16. bxc5 Rb8 17. Rb1 Rxb1 18. Qxb1 g5 19. Rf1 Qg6 20. Kd2 g4 21. Qb8 Qg7 22. Qe5 Rf7 23. Qxg7+ Rxg7 24. Rb1 h5 25. Rb8 Rc7 26. Ba6 Kf7 27. Rxc8 Rxc8 28. Bxc8 Kf6 29. Bd7 1-0